000 00989nam a22002657a 4500
003 OSt
005 20200921153938.0
008 200921s2004 ck ad||gr|||| 00| 0dspa d
020 _a9584210440
040 _aCO-JMCR
_cCO-JMCR
041 0 _aspa
082 0 4 _a324.78 /
_bC399f
_223
100 1 _aCepeda Ulloa, Fernando,
_eautor
_97327
245 1 0 _aFinanciación política y corrupción /
_cFernando Cepeda Ulloa
250 _aPrimera edición
260 _aBogotá :
_bAriel,
_c2004.
300 _a347 páginas :
_bilustraciones, gráficas a blanco y negro ;
_c23 cm.
490 0 _aArien Ciencia y Política
500 _aIncluye datos biográficos del autor en solapa frontal.
505 0 _aLa gobernabilidad, drogas ilícitas y corrupción. -- Financiación de la política. -- Seguimiento y evaluación.
650 2 4 _aCorrupción política
_zColombia
_910602
650 2 4 _aFondos de campaña
_zColombia
_910603
650 2 4 _aFondos de campaña.
_910604
942 _2ddc
_cBK
999 _c6872
_d6872